| 000 | 00939nam0a22002651 4500 | ||
|---|---|---|---|
| 001 | rc\4166853 | ||
| 005 | 20130415190251.7 | ||
| 021 |
_aRU _b[52-34443] |
||
| 035 | _a(NLR Aleph) 008180306 | ||
| 090 |
_a7911072 _c7911072 |
||
| 100 | _a20130415d1952 |||y0rusy50 ca | ||
| 101 | 0 | _arus | |
| 102 | _aRU | ||
| 105 | _aa z ||||| | ||
| 200 | 1 | _aОрганизация смазочного хозяйства на углеобогатительных фабриках | |
| 210 |
_aМосква _aЛенинград _cУглетехиздат _d1952 |
||
| 215 |
_a96 с. _cил. _d22 |
||
| 320 | _aБиблиогр.: с. 94 (10 назв.) | ||
| 606 |
_aУглеобогатительные фабрики _xСмазочное хозяйство _2psbo |
||
| 700 | 1 |
_aШепелев _bИ. Г. _gИван Георгиевич |
|
| 801 | 0 |
_aRU _bNLR _gpsbo |
|
| 801 | 1 |
_aRU _bELAR _2rusmarc |
|
| 852 |
_aNLR _jТ26 Г-6/1025 |
||
| 942 | _cBOOK | ||
| 980 | _aNB | ||